000 00847cam a22002411 4500
001 g 01000749
003 DLC
005 20260227111252.0
008 800827s1900 gw c 000 0 ger
010 _ag 01000749
035 _a(OCoLC)6658393
040 _aDLC
_cNNU
_dDLC
042 _apremarc
050 0 0 _aHG999
_b.B2
100 1 _aBamberger, Ludwig,
_d1823-1899.
245 0 0 _aAusgewählte reden und aufsätze über geld- und bankwesen,
_cvon Ludwig Bamberger. Im auftrag des Vereins zum schutz der deutschen goldwährung, hrsg. von Karl Helfferich.
260 _aBerlin,
_bJ. Guttentag,
_c1900.
300 _avi, p., 1 l., 670 p.
_bfront. (port.)
_c24 cm.
490 0 _aVerein zum schutz der deutschen goldwährung. Schriften. 1
650 0 _aMoney.
650 0 _aBanks and banking.
700 1 _aHelfferich, Karl,
_d1872-1924,
_eed.
999 _c23557
_d23557